| 000 | 01446nam a2200349 c 4500 | ||
|---|---|---|---|
| 003 | BLK | ||
| 005 | 20180422103530.0 | ||
| 008 | 180408b bul|||||r ||||||| ||bul|| | ||
| 010 | _aKNG00080163000 | ||
| 040 | _aBLK | ||
| 041 |
_aBUL _cBUL |
||
| 080 |
_aГенетика на микроорганизмите - Генетичен апарат на микробната клетка, генетически обмен, рекомбинация и др. Вж и 575; 576. 31 _b579.25 _x(075.8) _z579.25(075.8) |
||
| 100 | 1 |
_aПешева, Маргарита Георгиева _eпърви автор _9371804 |
|
| 139 |
_aПешева, Маргарита Георгиева _bП 50 |
||
| 245 | 1 | 0 |
_aГенетика на бактериите _cМаргарита Георгиева Пешева. |
| 257 | _aBGR | ||
| 260 |
_аСофия _bБулвест 2000 _c2004 _fПловдив : Авто Принт |
||
| 300 |
_a216 с. _c24 см |
||
| 380 | _a5 | ||
| 500 | _aОфс. изд. - Библиогр. с. 214. | ||
| 504 | _a214 | ||
| 650 | 4 |
_aМикробиология - учебници за ВУЗ _9242072 |
|
| 653 | _aбактерии | ||
| 653 | _aмикробиология | ||
| 653 | _aгенетика | ||
| 653 | _aучебници за ВУЗ | ||
| 852 | _aЦб 237483 | ||
| 856 | 4 |
_qpdf _u |
|
| 856 | 4 |
_qpdf _u |
|
| 942 |
_cKNG _n0 |
||
| 944 |
_aCR _c14.12.2007 _kЛюдмила_Стоянова |
||
| 944 |
_aED _c16.06.2017 _kТеодора_Стоянова |
||
| 999 |
_c75743 _d75743 |
||